Okręgi NRD na mapie - Statystyki

Ogólne statystyki
  • Ten quiz został rozwiązany 180 razy
  • Średni wynik to 7 z 15
Odpowiedzi na mapie
Odpowiedzi zakodowano w zielono-czerwonej skali na mapie do tego quizu, zgodnie z poniższymi procentami.
 
Statystyki odpowiedzi
Okręg % Poprawnych
Berlin
97%
Drezno
74%
Lipsk
69%
Rostock
62%
Frankfurt
58%
Poczdam
58%
Magdeburg
48%
Chociebuż
41%
Karl-Marx-Stadt
36%
Erfurt
32%
Halle
28%
Schwerin
25%
Gera
19%
Neubrandenburg
17%
Suhl
8%
Nie znaleziono quizów pasujących do podanych kryteriów
Rozkład punktacji
Procent ludzi z każdym wynikiem
Percentyl według liczby udzielonych odpowiedzi
Twoja historia wyników
Nie rozwiązałeś tego quizu